Využitie vernostných systémov pri vyvolaní impulzívneho nákupu dizertačná práca

Saved in:
Bibliographic Details
Main Author: Novysedlák, Martin, 1991-
Corporate Author: Fakulta podnikového manažmentu EU. Katedra podnikových financií
Other Authors: Dorčák, Peter, 1979-
Format: Book
Language:Slovak
Published: Bratislava 2020
Subjects:
Tags: Add Tag
No Tags, Be the first to tag this record!

MARC

LEADER 00000nbm a2200000 4500
001 0268039
005 20230302102205.5
041 0 |a slo 
044 |a SK 
245 1 0 |a Využitie vernostných systémov pri vyvolaní impulzívneho nákupu  |b dizertačná práca  |c Martin Novysedlák ; školiteľ: Peter Dorčák 
264 1 |a Bratislava  |c 2020 
300 |a 133 s. 
610 2 0 |a rozhodovanie nákupné 
610 2 0 |a lojálnosť zákazníkov 
610 2 0 |a systém 
100 1 |a Novysedlák, Martin, 1991- 
700 1 |a Dorčák, Peter, 1979- 
710 2 |a Fakulta podnikového manažmentu EU. Katedra podnikových financií